000 01535cam a2200385 i 4500
001 30467
003 Mx-PuUPA
005 20251007113049.0
008 140415s2017 sp gr 000 f spa d
020 _a9788416867349
040 _cMx-PuUPA
_aMx-PuUPA
_bspa
_dMx-PuUPA
_erda
041 1 _aspa
_heng
100 1 _aCameron, W. Bruce,
_d1960-
_917544
_eautor
240 1 2 _aA dog's purpose : A novel for humans.
_lEspañol
245 1 3 _aLa razón de estar contigo /
_cW. Bruce Cameron ; traducido por Carol Isern
250 _aPrimera edición /
_benero
264 1 _aBarcelona :
_bRoca Editorial de Libros,
_c©2011
300 _a318 páginas ;
_c23 cm
336 _2rdacontent
_atexto
_btxt
337 _2rdamedia
_asin medio
_bn
338 _2rdacarrier
_avolumen
_bnc
500 _aReimpresiones: (Primera, febrero de 2017).
500 _a"El libro en el que se basa la película a Dog's purpose".-- Cubierta
500 _a"Más de un millón de ejemplares vendidos en Estados Unidos". -- Cubierta
650 7 _2armarc
_aPerros
_vNovela juvenil
650 7 _2armarc
_aPerros mestizos
_vNovela juvenil
650 7 _2armarc
_aRelaciones hombre - animal
_vNovela juvenil
650 7 _2armarc
_aNovela estadounidense
700 1 _aIsern, Carol,
_etraductor
765 0 _aCameron, W. Bruce, 1960-
_tA dog's purpose : A novel for humans.
942 _2ddc
_cLI
_h813
_iC7218
999 _c30467
_d30467